000 01006caa a22002417a 4500
999 _c408683
_d408683
001 135336
003 UA-OsUOA
005 20200213092902.0
007 ta
008 20190118b un ||||| |||| 00| 0 ukr d
040 _aUA-OsUOA
_bukr
_cUA-OsUOA
_dUA-OsUOA
041 _aukr
080 _a908
090 _a908
_bШ91
100 _aШтиба О.
245 _aДіяльність Острозького повітового ревкому (травень-серпень 1919 р.) як приклад впровадження більшовицького режиму в українському селі
_cО. Штиба
300 _aС. 57–61
650 7 _a908 Краєзнавство
_2UDC
773 0 _0309668
_9309379
_dОстрог НаУ"ОА" 2003
_o77072
_tЗаписки наукового товариства ім. О.Оглоблина
_w(UA-OsUOA) 23421
_z996-7631-67-2
942 _cBKA
_2udc
955 _a1